00980nam a2200205 i 450000100060000000300090000600500170001500700030003200800410003510000270007624500980010325000150020126000320021630000220024850503020027070000320057285200320060499900170063695201210065356705ES-MaACL20230906163429.0t|031013s1981 sp ||||1| spa d1 aDieste, Rafael.94461410aTeatro II / cRafael Dieste ; edición, estudio introductorio y notas de Manuel Aznar Soler. a[1ª ed.]. aBarcelona : bLaia, c1981. a182 p. ; c19 cm.8 aContiene: El teatro de Rafael Dieste durante la guerra civil. El amanecer : comedia en un acto. Nuevo retablo de las maravillas : mascarada en un acto. El moro leal. Farsa infantil de la fiera risueña. El falso faquir. El empresario pierde la cabeza. Curiosa muerte burlada. La doncella guerrera1 aAznar Soler, Manuel.924318 aES-MaACLjL-1732 bR.102362 c56705d56705 00104070aATENEOMbATENEOMcDEPO2d2008-01-17eSCl0oL-1732p1059546r2023-02-23 00:00:00w2023-02-23yMONOGRAFIA